000
00261nam a2200109Ia 4500
008
200302s9999 xx 000 0 und d
100
_a
henri stierlin
245
_a
World architecture greece
260
_b
Taschen Gmbh Publishing
260
_c
2009
300
_a
221
999
_c
7207
_d
7207